000 00461nam a2200181Ia 4500
008 210210b1993 xxu||||| |||| 00| 0 eng d
041 _aeng
082 _a030 GREA
100 _aGreat books
245 _aGreat books of western world.60V. V7-Aristotle I.
250 _a
260 _aChicago.
_bEncyclopaedia Britanica, Inc, William Benton.,
_c1993
300 _a726
440 _a7
650 _aAristotle I
690 _aEncyclopaedia
906 _a049146
999 _c98158
_d98158